|
|
|
|
| LEADER |
00932nam a22002051a 4500 |
| 082 |
|
|
|a M 792.8
|b VED/R
|
| 100 |
|
|
|a Vedabanadhu
|9 179100
|
| 245 |
|
|
|a Rasa bharathi/
|c by Vedabanadhu
|
| 260 |
|
|
|a Thrissur:
|b Kerala Sahitya Academi,
|c 1985.
|
| 300 |
|
|
|a 310p.
|
| 650 |
|
|
|a Theatre
|9 179101
|
| 650 |
|
|
|a Rasas
|9 179102
|
| 650 |
|
|
|a Dance India
|9 179103
|
| 650 |
|
|
|a Dance
|9 179104
|
| 650 |
|
|
|a Arts
|9 179105
|
| 942 |
|
|
|c BK
|
| 999 |
|
|
|c 37441
|d 37441
|
| 952 |
|
|
|0 0
|1 0
|4 0
|6 M_792_800000000000000_VED_R
|7 0
|9 54225
|a SSUS
|b SSUS
|d 2015-01-08
|g 0.00
|o M 792.8 VED/R
|p 037982
|r 2015-01-08
|v 0.00
|w 2015-01-08
|y BK
|
| 952 |
|
|
|0 0
|1 0
|4 0
|6 M_792_800000000000000_VED_R
|7 0
|9 54226
|a SSUS
|b SSUS
|c STACKS
|d 2015-01-08
|g 20.00
|l 30
|m 2
|o M 792.8 VED/R
|p 027052
|r 2020-09-24
|s 2019-11-06
|v 0.00
|w 2015-01-08
|y BK
|
| 952 |
|
|
|0 0
|1 0
|2 ddc
|4 0
|6 M_792_800000000000000_VED_R
|7 0
|9 54227
|a SSUS
|b SSUS
|c STACKS
|d 2015-01-08
|g 20.00
|l 4
|o M 792.8 VED/R
|p 003206
|r 2017-04-21
|s 2017-03-08
|v 0.00
|w 2015-01-08
|y BK
|